000 00850nam a2200349 a 4500
003 AR-BaBNM
005 20251128204151.0
008 082120s2002 ||||||||||||||000 | spa||
020 _a950-802-012-1
040 _cAR-BaBNM
100 1 _aVidal, Susana
245 0 0 _aEcología de la acción
260 _aBuenos Aires
_bEspacio
_c1993
300 _a338 p.
_bil.
490 0 _aEcología
504 _aContiene: bibliografía
650 4 _aMETODOS DE ENSEÑANZA
650 4 _aPROCESO DE APRENDIZAJE
650 4 _aPROYECTOS
650 4 _aRECURSOS
650 4 _aEVALUACION
650 4 _aCREATIVIDAD
650 4 _aEPISTEMOLOGIA
650 4 _aMETODOLOGIA
650 4 _aESTETICA
650 4 _aETICA
650 4 _aCIENCIAS AMBIENTALES
650 4 _aCIENCIAS SOCIALES
650 4 _aSIGLO VEINTE
942 _cBK
998 _cEnrique
999 _c6454
_d6454